Recuperación de suelos (Registro nro. 16464)

Detalles MARC
000 -CABECERA
Campo de control 006830000a22002290004500
041 0# - IDIOMA
Código de idioma para texto/pista de sonido o título separado
090 ## - CLASIFICACIÓN LOCAL
Colección MM
Consecutivo 00004
041 0# - IDIOMA
Código de idioma para texto/pista de sonido o título separado
044 ## - PAÍS DE PUBLICACIÓN
País de publicación
110 1# - ASIENTO PRINCIPAL--NOMBRE CORPORATIVO
Nombre corporativo o de jurisdicción como elemento de entrada Instituto Nacional de los Recursos Renovables y del Ambiente
-- INDERENA
245 10 - MENCION DE TITULO
Título Recuperación de suelos
260 ## - PUBLICACION, DISTRIBUCION, ETC. (PIE DE IMPRENTA)
Lugar de publicación, distribución, etc. Bogotá
Nombre del editor, distribuidor, etc. INDERENA
Fecha de publicación, distribución, etc. 1992
300 ## - DESCRIPCION FISICA
Extensión 20 min.
Otros detalles físicos BETA
650 14 - ASIENTO SECUNDARIO DE MATERIA - TERMINO TEMATICO
Término temático o nombre geográfico como elemento de entrada Minería
650 14 - ASIENTO SECUNDARIO DE MATERIA - TERMINO TEMATICO
Término temático o nombre geográfico como elemento de entrada Degradación ambiental
650 14 - ASIENTO SECUNDARIO DE MATERIA - TERMINO TEMATICO
Término temático o nombre geográfico como elemento de entrada Recuperación de suelos
650 14 - ASIENTO SECUNDARIO DE MATERIA - TERMINO TEMATICO
Término temático o nombre geográfico como elemento de entrada Revegetalización
650 14 - ASIENTO SECUNDARIO DE MATERIA - TERMINO TEMATICO
Término temático o nombre geográfico como elemento de entrada Uso sostenible
651 #4 - ASIENTO SECUNDARIO DE MATERIA - NOMBRE GEOGRAFICO
-- Cauca
-- Colombia
651 #4 - ASIENTO SECUNDARIO DE MATERIA - NOMBRE GEOGRAFICO
-- Bajo Magdalena
-- Antioquia
-- Colombia
942 ## - ELEMENTOS ADICIONALES (KOHA)
Tipo de ítem CD-ROM
Existencias
Withdrawn status Lost status Sistema de Clasificación Damaged status No para préstamo Colección Ubicación Permanente Ubicación actual Fecha de adquisición Fuente de Valor Total Checkouts Número topográfico Inventario / Código de Barras Date last seen Ejemplar Price effective from Forma de adquisición Tipo de material
    Local     Audiovisual Bogotá Bogotá 09/02/2017 Inderena   AV-00004 018185 25/03/2015 Ej. 1 25/03/2015 Donación Betamax
    Local     Audiovisual Bogotá Bogotá 09/02/2017 Inderena   AV-00004 018186 25/03/2015 Ej. 2 25/03/2015 Donación Betamax
    Local     Audiovisual Bogotá Bogotá 09/02/2017 Inderena   AV-00004 018219 25/03/2015 Ej. 3 25/03/2015 Donación Betamax
    Local     Audiovisual Bogotá Bogotá 09/02/2017 Inderena   AV-00004 018220 25/03/2015 Ej. 4 25/03/2015 Donación Betamax
          Audiovisual Villa de Leyva Villa de Leyva 27/02/2015 INDERENA   MM 00004 AUTO_19792 25/03/2015   25/03/2015   CD-ROM
          Audiovisual Villa de Leyva Villa de Leyva 27/02/2015 INDERENA   MM 00004 AUTO_19793 25/03/2015   25/03/2015   CD-ROM
          Audiovisual Villa de Leyva Villa de Leyva 27/02/2015 INDERENA   MM 00004 AUTO_19794 25/03/2015   25/03/2015   CD-ROM
          Audiovisual Villa de Leyva Villa de Leyva 27/02/2015 INDERENA   MM 00004 AUTO_19795 25/03/2015   25/03/2015   CD-ROM